Vista normal Vista MARC

Entrada Personal Name

Número de registros utilizados en: 1

001 - CONTROL NUMBER

  • control field: 67037

003 - CONTROL NUMBER IDENTIFIER

  • control field: OSt

005 - DATE AND TIME OF LATEST TRANSACTION

  • control field: 20251110204052.0

008 - FIXED-LENGTH DATA ELEMENTS

  • fixed length control field: 251110|| aca||aabn | a|a d

040 ## - CATALOGING SOURCE

  • Original cataloging agency: OSt
  • Transcribing agency: OSt

100 ## - HEADING--PERSONAL NAME

  • Personal name: Lesur Esquivel, Luis

670 ## - SOURCE DATA FOUND

  • Source citation: Work cat.: (OSt)59882: Lesur Esquivel, Luis aut, Manual de teñido y estampado artesanal de telas :









Instituto Departamental de Cultura del Meta - Red Departamental de Bibliotecas Públicas del Meta.